| 000 | 00693nam a2200217Ia 4500 | ||
|---|---|---|---|
| 003 | GCL | ||
| 008 | 140319s9999 xx 000 0 ara d | ||
| 040 |
_aGCL / _cGCL |
||
| 082 | 0 | 4 |
_a536.5 _bم ق |
| 100 | 1 | _aمحمد محمود عمار | |
| 245 | 1 | 0 |
_aقياس دراجات الحرارة ( الترمومترية ) / _cمحمد محمود عمار |
| 260 |
_a[S.N] : _bلجنة الاعلام والدراسات المستقبلية ، _c1986 |
||
| 300 | _a323 ص | ||
| 490 | _a | ||
| 650 | 0 | 4 | _aدرجة الحرارة |
| 650 | 0 | 4 | _aالترمومترات |
| 650 | 0 | 4 | _aالتجمد |
| 650 | 0 | 4 | _aنقطة الغليان |
| 650 | 0 | 4 | _aدرجة الانصهار |
| 942 |
_2ddc _cBK |
||
| 999 |
_c30676 _d30676 |
||